000 00315nam a2200133 i 4500
001 bg
100 1 _aSIKORA, R.
245 0 _aMateriaƂoznawstwo :
_bmateriaƂy niematerialne /
_cR. Sikora.
260 _aLublin,
_c1983.
040 _cBPK
041 _apol
942 _cKS
008 s pl f |000 0 pol
999 _c1995
_d1995
856 _uhttp://koha.tu.koszalin.pl/cgi-bin/koha/opac-detail.pl?biblionumber=1995
_yKatalog online BPK